<?xml version="1.0" encoding="UTF-8"?>
<record
    xmlns:xsi="http://www.w3.org/2001/XMLSchema-instance"
    xsi:schemaLocation="http://www.loc.gov/MARC21/slim http://www.loc.gov/standards/marcxml/schema/MARC21slim.xsd"
    xmlns="http://www.loc.gov/MARC21/slim">

  <leader>05311namaa22004211i 4500</leader>
  <controlfield tag="003">OSt</controlfield>
  <controlfield tag="005">20260419140854.0</controlfield>
  <controlfield tag="008">250827s2025    ua a|||frm||| 000 0 eng d</controlfield>
  <datafield tag="040" ind1=" " ind2=" ">
    <subfield code="a">EG-GICUC</subfield>
    <subfield code="b">ara</subfield>
    <subfield code="c">EG-GICUC</subfield>
    <subfield code="d">EG-GICUC</subfield>
    <subfield code="e">rda</subfield>
  </datafield>
  <datafield tag="041" ind1="0" ind2=" ">
    <subfield code="a">ara</subfield>
    <subfield code="b">ara</subfield>
    <subfield code="b">eng</subfield>
  </datafield>
  <datafield tag="049" ind1=" " ind2=" ">
    <subfield code="a">&#x625;&#x64A;&#x62F;&#x627;&#x639;</subfield>
  </datafield>
  <datafield tag="082" ind1="0" ind2="4">
    <subfield code="a">343.096</subfield>
  </datafield>
  <datafield tag="092" ind1=" " ind2=" ">
    <subfield code="a">343.096</subfield>
    <subfield code="2">21</subfield>
  </datafield>
  <datafield tag="097" ind1=" " ind2=" ">
    <subfield code="a">&#x645;&#x640;&#x640;&#x640;&#x640;&#x627;&#x62C;&#x633;&#x62A;&#x64A;&#x631;</subfield>
  </datafield>
  <datafield tag="099" ind1=" " ind2=" ">
    <subfield code="a">Cai01.04.08.M.Sc.2025.&#x646;&#x648;.&#x627;</subfield>
  </datafield>
  <datafield tag="100" ind1="0" ind2=" ">
    <subfield code="a">&#x60C;&#x646;&#x648;&#x631;&#x627; &#x639;&#x628;&#x62F; &#x627;&#x644;&#x641;&#x62A;&#x627;&#x62D; &#x637;&#x627;&#x647;&#x631; &#x627;&#x644;&#x628;&#x648;&#x647;&#x64A;</subfield>
    <subfield code="e">&#x625;&#x639;&#x62F;&#x627;&#x62F;.</subfield>
  </datafield>
  <datafield tag="245" ind1="1" ind2="0">
    <subfield code="a">&#x627;&#x644;&#x652;&#x62A;&#x650;&#x632;&#x64E;&#x627;&#x645;&#x64F; &#x631;&#x64F;&#x628;&#x64E;&#x651;&#x627;&#x646;&#x650; &#x627;&#x644;&#x633;&#x64E;&#x651;&#x641;&#x650;&#x64A;&#x646;&#x64E;&#x629;&#x650; &#x628;&#x650;&#x627;&#x62A;&#x650;&#x651;&#x628;&#x64E;&#x627;&#x639;&#x650; &#x62E;&#x64E;&#x637;&#x650;&#x651; &#x627;&#x644;&#x633;&#x64E;&#x651;&#x64A;&#x652;&#x631;&#x650; &#x627;&#x644;&#x652;&#x645;&#x64F;&#x62D;&#x64E;&#x62F;&#x64E;&#x651;&#x62F;&#x650; &#x648;&#x64E;&#x639;&#x64E;&#x62F;&#x64E;&#x645;&#x650; &#x627;&#x644;&#x627;&#x646;&#x652;&#x62D;&#x650;&#x631;&#x64E;&#x627;&#x641;&#x650; &#x639;&#x64E;&#x646;&#x652;&#x647;&#x64F; :</subfield>
    <subfield code="b">&#x62F;&#x631;&#x627;&#x633;&#x629; &#x645;&#x642;&#x627;&#x631;&#x646;&#x629; /</subfield>
    <subfield code="c">&#x625;&#x639;&#x62F;&#x627;&#x62F; &#x646;&#x648;&#x631;&#x627; &#x639;&#x628;&#x62F; &#x627;&#x644;&#x641;&#x62A;&#x627;&#x62D; &#x637;&#x627;&#x647;&#x631; &#x627;&#x644;&#x628;&#x648;&#x647;&#x64A;&#x61B; &#x625;&#x634;&#x631;&#x627;&#x641; &#x623;.&#x62F;. &#x62E;&#x644;&#x64A;&#x644; &#x641;&#x64A;&#x643;&#x62A;&#x648;&#x631; &#x62A;&#x627;&#x62F;&#x631;&#x633;.</subfield>
  </datafield>
  <datafield tag="246" ind1="1" ind2="5">
    <subfield code="a">The ship's captain's commitment to follow the specified course and not deviate from it :</subfield>
    <subfield code="b">Comparative study /</subfield>
  </datafield>
  <datafield tag="264" ind1=" " ind2="0">
    <subfield code="c">2025.</subfield>
  </datafield>
  <datafield tag="300" ind1=" " ind2=" ">
    <subfield code="a">182 &#x635;&#x641;&#x62D;&#x629; :</subfield>
    <subfield code="b">&#x625;&#x64A;&#x636;&#x627;&#x62D;&#x64A;&#x627;&#x62A; &#x61B; </subfield>
    <subfield code="c">30 &#x633;&#x645;. + </subfield>
    <subfield code="e">CD.</subfield>
  </datafield>
  <datafield tag="336" ind1=" " ind2=" ">
    <subfield code="a">text</subfield>
    <subfield code="2">rda content</subfield>
  </datafield>
  <datafield tag="337" ind1=" " ind2=" ">
    <subfield code="a">Unmediated</subfield>
    <subfield code="2">rdamedia</subfield>
  </datafield>
  <datafield tag="338" ind1=" " ind2=" ">
    <subfield code="a">volume</subfield>
    <subfield code="2">rdacarrier</subfield>
  </datafield>
  <datafield tag="502" ind1=" " ind2=" ">
    <subfield code="a">&#x623;&#x637;&#x631;&#x648;&#x62D;&#x629; (&#x645;&#x627;&#x62C;&#x633;&#x62A;&#x64A;&#x631;)-&#x62C;&#x627;&#x645;&#x639;&#x629; &#x627;&#x644;&#x642;&#x627;&#x647;&#x631;&#x629;&#x60C; 2025.</subfield>
  </datafield>
  <datafield tag="504" ind1=" " ind2=" ">
    <subfield code="a">&#x628;&#x628;&#x644;&#x64A;&#x648;&#x62C;&#x631;&#x627;&#x641;&#x64A;&#x627;: &#x635;&#x641;&#x62D;&#x627;&#x62A; 169-181.</subfield>
  </datafield>
  <datafield tag="520" ind1=" " ind2=" ">
    <subfield code="a">&#x628;&#x627;&#x62F;&#x626; &#x630;&#x64A; &#x628;&#x62F;&#x621;&#x64D;&#x60C; &#x641;&#x625;&#x646; &#x645;&#x62C;&#x627;&#x644; &#x627;&#x644;&#x646;&#x642;&#x644; &#x627;&#x644;&#x628;&#x62D;&#x631;&#x64A; &#x642;&#x62F; &#x634;&#x647;&#x62F; &#x62A;&#x637;&#x648;&#x631;&#x64B;&#x627; &#x628;&#x634;&#x643;&#x644;&#x64D; &#x648;&#x627;&#x636;&#x62D;&#x64D; &#x648;&#x633;&#x631;&#x64A;&#x639;&#x64D;&#x60C; &#x648;&#x644;&#x647; &#x623;&#x647;&#x645;&#x64A;&#x629; &#x643;&#x628;&#x64A;&#x631;&#x629; &#x62C;&#x62F;&#x64B;&#x651;&#x627; &#x633;&#x648;&#x627;&#x621; &#x639;&#x646;&#x62F; &#x646;&#x642;&#x644; &#x627;&#x644;&#x623;&#x645;&#x648;&#x627;&#x644; &#x623;&#x648; &#x627;&#x644;&#x623;&#x634;&#x62E;&#x627;&#x635;&#x61B; &#x644;&#x623;&#x646; &#x627;&#x644;&#x646;&#x642;&#x644; &#x627;&#x644;&#x628;&#x62D;&#x631;&#x64A; &#x647;&#x648; &#x645;&#x646; &#x64A;&#x628;&#x631;&#x632; &#x642;&#x64A;&#x645;&#x629; &#x627;&#x644;&#x62A;&#x62C;&#x627;&#x631;&#x629; &#x645;&#x646; &#x62E;&#x644;&#x627;&#x644; &#x627;&#x644;&#x62A;&#x62F;&#x627;&#x648;&#x644;&#x60C; &#x648;&#x647;&#x643;&#x630;&#x627; &#x638;&#x647;&#x631; &#x623;&#x648;&#x644; &#x642;&#x627;&#x646;&#x648;&#x646; &#x644;&#x644;&#x62A;&#x62C;&#x627;&#x631;&#x629; &#x627;&#x644;&#x628;&#x62D;&#x631;&#x64A;&#x629; &#x641;&#x64A; &#x645;&#x635;&#x631; &#x639;&#x627;&#x645; 1990&#x60C; &#x648;&#x647;&#x648; &#x627;&#x644;&#x642;&#x627;&#x646;&#x648;&#x646; &#x627;&#x644;&#x628;&#x62D;&#x631;&#x64A; &#x627;&#x644;&#x645;&#x635;&#x631;&#x64A; &#x631;&#x642;&#x645; 8 &#x644;&#x633;&#x646;&#x629; 1990&#x60C; &#x648;&#x642;&#x62F; &#x637;&#x631;&#x623; &#x639;&#x644;&#x64A;&#x647; &#x627;&#x644;&#x639;&#x62F;&#x64A;&#x62F; &#x645;&#x646; &#x627;&#x644;&#x62A;&#x639;&#x62F;&#x64A;&#x644;&#x627;&#x62A; &#x628;&#x646;&#x627;&#x621;&#x64B; &#x639;&#x644;&#x649; &#x627;&#x644;&#x627;&#x62A;&#x641;&#x627;&#x642;&#x64A;&#x627;&#x62A; &#x627;&#x644;&#x62F;&#x648;&#x644;&#x64A;&#x629; &#x627;&#x644;&#x62A;&#x64A; &#x635;&#x62F;&#x642;&#x62A; &#x639;&#x644;&#x64A;&#x647;&#x627; &#x645;&#x635;&#x631; &#x628;&#x639;&#x62F;&#x647;&#x60C; &#x648;&#x647;&#x64A; &#x641;&#x64A; &#x639;&#x62F;&#x629; &#x645;&#x62C;&#x627;&#x644;&#x627;&#x62A; &#x645;&#x62B;&#x644; &#x628;&#x631;&#x648;&#x62A;&#x648;&#x643;&#x648;&#x644;&#x627;&#x62A; &#x627;&#x644;&#x633;&#x644;&#x627;&#x645;&#x629;&#x60C; &#x627;&#x62A;&#x641;&#x627;&#x642;&#x64A;&#x629; &#x645;&#x627;&#x631;&#x628;&#x648;&#x644; &#x639;&#x644;&#x649; &#x645;&#x646;&#x639; &#x627;&#x644;&#x62A;&#x644;&#x648;&#x62B; &#x627;&#x644;&#x628;&#x62D;&#x631;&#x64A;&#x60C; &#x62A;&#x633;&#x62C;&#x64A;&#x644; &#x627;&#x644;&#x633;&#x641;&#x646; &#x645;&#x646; &#x62E;&#x644;&#x627;&#x644; &#x627;&#x62A;&#x641;&#x627;&#x642;&#x64A;&#x627;&#x62A; &#x627;&#x644;&#x623;&#x645;&#x645; &#x627;&#x644;&#x645;&#x62A;&#x62D;&#x62F;&#x629; &#x644;&#x642;&#x627;&#x646;&#x648;&#x646; &#x627;&#x644;&#x628;&#x62D;&#x627;&#x631;&#x60C; &#x648;&#x643;&#x630;&#x644;&#x643; &#x627;&#x644;&#x645;&#x633;&#x626;&#x648;&#x644;&#x64A;&#x627;&#x62A; &#x648;&#x627;&#x644;&#x62A;&#x639;&#x648;&#x64A;&#x636;&#x627;&#x62A;. &#x628;&#x627;&#x644;&#x631;&#x63A;&#x645; &#x645;&#x646; &#x647;&#x630;&#x627; &#x627;&#x644;&#x62A;&#x637;&#x648;&#x631; &#x627;&#x644;&#x630;&#x64A; &#x634;&#x647;&#x62F;&#x62A;&#x647; &#x627;&#x644;&#x645;&#x644;&#x627;&#x62D;&#x629; &#x648;&#x62D;&#x631;&#x643;&#x629; &#x627;&#x644;&#x646;&#x642;&#x644; &#x627;&#x644;&#x628;&#x62D;&#x631;&#x64A;&#x60C; &#x62A;&#x648;&#x62C;&#x62F;  &#x627;&#x644;&#x639;&#x62F;&#x64A;&#x62F; &#x645;&#x646; &#x627;&#x644;&#x62A;&#x62D;&#x62F;&#x64A;&#x627;&#x62A; &#x648;&#x627;&#x644;&#x62D;&#x648;&#x627;&#x62F;&#x62B; &#x627;&#x644;&#x62A;&#x64A; &#x62A;&#x647;&#x62F;&#x62F; &#x645;&#x635;&#x644;&#x62D;&#x629; &#x643;&#x644; &#x645;&#x646; &#x627;&#x644;&#x646;&#x627;&#x642;&#x644; &#x623;&#x648; &#x627;&#x644;&#x634;&#x627;&#x62D;&#x646;&#x60C; &#x62D;&#x64A;&#x62B; &#x64A;&#x643;&#x648;&#x646; &#x627;&#x644;&#x642;&#x631;&#x627;&#x631; &#x627;&#x644;&#x645;&#x62A;&#x62E;&#x630; &#x645;&#x646; &#x627;&#x644;&#x631;&#x628;&#x627;&#x646;  &#x648;&#x637;&#x631;&#x64A;&#x642;&#x629; &#x62A;&#x646;&#x641;&#x64A;&#x630; &#x639;&#x645;&#x644;&#x64A;&#x629; &#x627;&#x644;&#x646;&#x642;&#x644; &#x645;&#x646; &#x642;&#x628;&#x644; &#x627;&#x644;&#x631;&#x628;&#x627;&#x646; &#x623;&#x648; &#x634;&#x631;&#x643;&#x629; &#x627;&#x644;&#x646;&#x642;&#x644;&#x60C; &#x646;&#x642;&#x637;&#x629; &#x641;&#x627;&#x635;&#x644;&#x629; &#x628;&#x64A;&#x646; &#x627;&#x644;&#x646;&#x62C;&#x627;&#x629; &#x648;&#x627;&#x644;&#x647;&#x644;&#x627;&#x643;&#x60C; &#x648;&#x647;&#x630;&#x647; &#x627;&#x644;&#x627;&#x62A;&#x641;&#x627;&#x642;&#x64A;&#x627;&#x62A; &#x64A;&#x639;&#x644;&#x645;&#x647;&#x627; &#x627;&#x644;&#x631;&#x628;&#x627;&#x646; &#x639;&#x646; &#x638;&#x647;&#x631; &#x642;&#x644;&#x628;&#x60C; &#x648;&#x639;&#x644;&#x64A;&#x647; &#x627;&#x644;&#x62A;&#x632;&#x627;&#x645;&#x627;&#x62A; &#x648;&#x627;&#x636;&#x62D;&#x629; &#x648;&#x642;&#x627;&#x637;&#x639;&#x629;&#x60C; &#x648;&#x64A;&#x644;&#x62A;&#x632;&#x645;  &#x628;&#x627;&#x644;&#x639;&#x645;&#x644; &#x628;&#x647;&#x627; &#x62D;&#x62A;&#x649; &#x644;&#x627; &#x62A;&#x642;&#x639; &#x639;&#x644;&#x64A;&#x647; &#x627;&#x644;&#x645;&#x633;&#x626;&#x648;&#x644;&#x64A;&#x627;&#x62A; &#x646;&#x62A;&#x64A;&#x62C;&#x629; &#x627;&#x644;&#x642;&#x631;&#x627;&#x631; &#x627;&#x644;&#x62E;&#x627;&#x637;&#x626;&#x60C; &#x648;&#x647;&#x630;&#x647; &#x627;&#x644;&#x623;&#x645;&#x648;&#x631; &#x64A;&#x62A;&#x644;&#x642;&#x627;&#x647;&#x627; &#x641;&#x64A; &#x627;&#x644;&#x623;&#x643;&#x627;&#x62F;&#x64A;&#x645;&#x64A;&#x629; &#x627;&#x644;&#x639;&#x631;&#x628;&#x64A;&#x629; &#x644;&#x644;&#x639;&#x644;&#x648;&#x645; &#x648;&#x627;&#x644;&#x62A;&#x643;&#x646;&#x648;&#x644;&#x648;&#x62C;&#x64A;&#x627; &#x648;&#x627;&#x644;&#x646;&#x642;&#x644; &#x627;&#x644;&#x628;&#x62D;&#x631;&#x64A;.</subfield>
  </datafield>
  <datafield tag="520" ind1=" " ind2=" ">
    <subfield code="a">First of all, the field of maritime transport has witnessed significant and rapid development, and is of great importance to both the transport of money and people. Maritime transport highlights the value of trade through circulation. Thus, the first maritime trade law in Egypt was issued in 1990, Egyptian Maritime Law No. 8 of 1990. It has undergone numerous amendments based on international agreements ratified by Egypt subsequently, covering several areas, such as safety protocols, the MARPOL Convention on the Prevention of Marine Pollution, ship registration under the United Nations Convention on the Law of the Sea, and liability and compensation.Despite this development in navigation and maritime transport, there are numerous challenges and incidents that threaten the interests of both the carrier and the shipper. The decision made by the captain and the method of implementing the transport process by the captain or the transport company can be the deciding factor between survival and destruction. Captains are familiar with these agreements, and they are bound by clear and unequivocal obligations. They are committed to adhering to them to avoid liability as a result of incorrect decisions. These matters are taught at the Arab Academy for Science, Technology and Maritime Transport. </subfield>
  </datafield>
  <datafield tag="530" ind1=" " ind2=" ">
    <subfield code="a">&#x635;&#x62F;&#x631; &#x623;&#x64A;&#x636;&#x64B;&#x627; &#x643;&#x642;&#x631;&#x635; &#x645;&#x62F;&#x645;&#x62C;.</subfield>
  </datafield>
  <datafield tag="546" ind1=" " ind2=" ">
    <subfield code="a">&#x627;&#x644;&#x646;&#x635; &#x628;&#x627;&#x644;&#x639;&#x631;&#x628;&#x64A;&#x629; &#x648;&#x627;&#x644;&#x645;&#x644;&#x62E;&#x635; &#x628;&#x627;&#x644;&#x644;&#x63A;&#x629; &#x627;&#x644;&#x625;&#x646;&#x62C;&#x644;&#x64A;&#x632;&#x64A;&#x629; &#x648;&#x627;&#x644;&#x639;&#x631;&#x628;&#x64A;&#x629;.</subfield>
  </datafield>
  <datafield tag="650" ind1=" " ind2="7">
    <subfield code="a">&#x627;&#x644;&#x642;&#x627;&#x646;&#x648;&#x646; &#x627;&#x644;&#x628;&#x62D;&#x631;&#x649;</subfield>
    <subfield code="2">qrmak</subfield>
  </datafield>
  <datafield tag="650" ind1=" " ind2="7">
    <subfield code="a">&#x627;&#x644;&#x642;&#x627;&#x646;&#x648;&#x646; &#x627;&#x644;&#x62A;&#x62C;&#x627;&#x631;&#x64A;</subfield>
  </datafield>
  <datafield tag="653" ind1=" " ind2="0">
    <subfield code="a">&#x646;&#x642;&#x644; &#x627;&#x644;&#x623;&#x645;&#x648;&#x627;&#x644; &#x623;&#x648; &#x627;&#x644;&#x623;&#x634;&#x62E;&#x627;&#x635;  </subfield>
    <subfield code="a">&#x627;&#x644;&#x646;&#x642;&#x644; &#x627;&#x644;&#x628;&#x62D;&#x631;&#x64A;</subfield>
    <subfield code="a">&#x642;&#x627;&#x646;&#x648;&#x646; &#x644;&#x644;&#x62A;&#x62C;&#x627;&#x631;&#x629; &#x627;&#x644;&#x628;&#x62D;&#x631;&#x64A;&#x629;</subfield>
  </datafield>
  <datafield tag="700" ind1="0" ind2=" ">
    <subfield code="a">&#x62E;&#x644;&#x64A;&#x644; &#x641;&#x64A;&#x643;&#x62A;&#x648;&#x631; &#x62A;&#x627;&#x62F;&#x631;&#x633;</subfield>
    <subfield code="e">&#x645;&#x634;&#x631;&#x641; &#x623;&#x637;&#x631;&#x648;&#x62D;&#x629;.</subfield>
  </datafield>
  <datafield tag="900" ind1=" " ind2=" ">
    <subfield code="b">16-04-2025</subfield>
    <subfield code="c">&#x62E;&#x644;&#x64A;&#x644; &#x641;&#x64A;&#x643;&#x62A;&#x648;&#x631; &#x62A;&#x627;&#x62F;&#x631;&#x633;</subfield>
    <subfield code="d">&#x62C;&#x645;&#x627;&#x644; &#x645;&#x62D;&#x645;&#x648;&#x62F; &#x639;&#x628;&#x62F;&#x627;&#x644;&#x639;&#x632;&#x64A;&#x632;                      </subfield>
    <subfield code="d">&#x633;&#x639;&#x62F; &#x639;&#x628;&#x62F;&#x627;&#x644;&#x62D;&#x645;&#x64A;&#x62F;                                </subfield>
    <subfield code="U">&#x62C;&#x627;&#x645;&#x639;&#x629; &#x627;&#x644;&#x642;&#x627;&#x647;&#x631;&#x629; </subfield>
    <subfield code="F">&#x643;&#x644;&#x64A;&#x629; &#x627;&#x644;&#x62D;&#x642;&#x648;&#x642;</subfield>
    <subfield code="D">&#x642;&#x633;&#x645; &#x627;&#x644;&#x642;&#x627;&#x646;&#x648;&#x646; &#x627;&#x644;&#x62A;&#x62C;&#x627;&#x631;&#x64A; </subfield>
  </datafield>
  <datafield tag="905" ind1=" " ind2=" ">
    <subfield code="a">Sara</subfield>
    <subfield code="e">Afaf</subfield>
  </datafield>
  <datafield tag="942" ind1=" " ind2=" ">
    <subfield code="2">ddc</subfield>
    <subfield code="c">TH</subfield>
    <subfield code="e">21</subfield>
    <subfield code="n">0</subfield>
  </datafield>
  <datafield tag="999" ind1=" " ind2=" ">
    <subfield code="c">179308</subfield>
  </datafield>
  <datafield tag="952" ind1=" " ind2=" ">
    <subfield code="2">ddc</subfield>
    <subfield code="9">316290</subfield>
    <subfield code="a">CUCL</subfield>
    <subfield code="b">cl210</subfield>
    <subfield code="d">2026-04-08</subfield>
    <subfield code="i">33088</subfield>
    <subfield code="o">Cai01.04.08.M.Sc.2025.&#x646;&#x648;.&#x627;</subfield>
    <subfield code="p">01010100033088000</subfield>
    <subfield code="r">2026-04-08 13:06:00</subfield>
    <subfield code="w">2026-04-08</subfield>
    <subfield code="y">TH</subfield>
  </datafield>
</record>
